World Capitals Closest to some point in Italy - Statistics

General Stats
  • This quiz has been taken 63 times
  • The average score is 10 of 11
Answers on the Map
Answers color-coded by a green-red scale on the quiz's map according to % correct below.
 
Answer Stats
Answer % Correct
Vatican City
98%
Bern
97%
Tunis
97%
San Marino
95%
Tirana
95%
Ljubljana
93%
Valletta
93%
Monaco
92%
Podgorica
92%
Rome
90%
Vaduz
90%
No matching quizzes found
Score Distribution
Percent of People with Each Score
Percentile by Number Answered
Your Score History
You have not taken this quiz